• 首页
  • 本馆介绍
  • 公告通知
  • 最新文献
  • 馆藏检索
  • 电子资源
  • 读者导购
  • 参考咨询
  • 我的图书馆
  • 登录
  • 详细信息显示
  • 放入我的书架
  • 预约/预借图书
  • 作者相关作品
  • 分类相关作品
  • 丛书相关作品
  • 出版社相关作品

书目信息

  • 表格格式
  • 工作单格式
  • 卡片格式
题名:
三角
    
 
作者: ;数理化自学丛书编委会数学编写小组 编
分册:  
出版信息: 上海   上海科学技术出版社  1963.10
页数: 334页
开本: 19cm
丛书名: 数理化自学丛书
单 册:
中图分类: O124
科图分类:
主题词: 初等数学
电子资源:
ISBN:
000 00623nam0 2200205 45
001 0310161440
005 20070801112629.92
010    @dCNY0.71
100    @a20031016d1963 km y0chiy0120 ea
101 0  @achi
200 1  @a三角@ASan Jiao@f数理化自学丛书编委会数学编写小组编@FShu Li Hua Zi Xue Cong Shu Bian Wei Hui Shu Xue Bian Xie Xiao Zu Bian
210    @a上海@c上海科学技术出版社@d1963.10
215    @a334页@d19cm
225    @a数理化自学丛书
410    @12001 @a数理化自学丛书
606 0  @a初等数学
690    @aO124@v3
711 02 @a数理化自学丛书编委会数学编写小组@4编
801    @aCN@bTSTC@c20070801
905    @dO124@e10
    
    三角/数理化自学丛书编委会数学编写小组编.-上海:上海科学技术出版社,1963.10
    334页;19cm.-(数理化自学丛书)
    
    
    ISBN :CNY0.71
    
●
相关链接 在E读中查询图书 在五车中查询图书 在当当中查询图书 在豆瓣中查询图书


正题名:三角     索取号:O124/10         预约/预借

序号 登录号 条形码 馆藏地/架位号 状态 备注
1 0006248   202331182   密集书库/ [索取号:O124/10] 在馆    
2 0006250   202331226   密集书库/ [索取号:O124/10] 在馆    
3 0006255   001679053   密集书库/ [索取号:O124/10] 在馆    
4 0009151   202331654   密集书库/ [索取号:O124/10] 在馆    
5 0049562   202306012   密集书库/ [索取号:O124/10] 在馆    
6 0431066   204310664   密集书库/ [索取号:O124/10] 在馆    
7 0442378   204423784   密集书库/ [索取号:O124/10] 在馆    
8 0768148   207681481   密集书库/ [索取号:O124/10] 在馆    
9 0768149   207681490   密集书库/ [索取号:O124/10] 在馆    
10 0768150   207681506   密集书库/ [索取号:O124/10] 在馆    
11 0790837   207908371   密集书库/ [索取号:O124/10] 在馆    
12 0790838   207908380   密集书库/ [索取号:O124/10] 在馆    
唐山师范学院图书馆 欢迎您!
大连网信软件有限公司© 版权所有